| 000 | 00557nam a2200181Ia 4500 | ||
|---|---|---|---|
| 005 | 20250423095533.0 | ||
| 008 | 250422s9999 xx 000 0 und d | ||
| 020 | _a9783073893 | ||
| 050 | _aDT 515.83 .G69/ | ||
| 100 | _aElaigwu, J. Isawa | ||
| 245 | 0 | _aGowon: a scholarly biography of a soldier-stateman | |
| 260 | _aJos | ||
| 260 | _bAha Publishing House Limited | ||
| 260 | _c2009 | ||
| 300 | _a472 p | ||
| 650 | _a Gowon, Yakubu, 1934- Heads of state--Nigeria--Biography. Nigeria--Politics and government--1960-1975. | ||
| 942 | _cBK | ||
| 999 |
_c30574 _d30574 |
||